Tragedie e liriche. di Vittorio Alfieri ; scelte e commentate ad uso delle scuole medie con un compendio della vita a cura di G. Falorsi

Gespeichert in:
Bibliographische Detailangaben
1. Verfasser: Alfieri, Vittorio <1749-1803>.
Weitere Verfasser: Alfieri, Vittorio <1749-1803> Falorsi, Guido.
Format: Buch
Sprache:Italienisch
Erschienen: Firenze G. Barbera 1924
Katalog:EDISCO:  Suchergebnis im Bibliothekskatalog
Schulbuchspezifische Eigenschaften:
Tags: Tag hinzufügen
Keine Tags, Fügen Sie den ersten Tag hinzu!
Hinzugefügt zu:30.04.2016
Geändert in:04.10.2017

MARC

LEADER 00000aam a22000007 4500
001 22050
003 OSt
005 20171004090646.0
008 160501s1924 it 000 0 ita
040 |c Paola Zonca - Torino - SBN 
041 1 |a ita 
100 1 |a Alfieri, Vittorio <1749-1803>. 
245 0 0 |a Tragedie e liriche. di Vittorio Alfieri ; scelte e commentate ad uso delle scuole medie con un compendio della vita a cura di G. Falorsi 
260 |a Firenze  |b G. Barbera  |c 1924 
300 |a VI, 292 p., ;   |c 20 cm. 
901 |a 7 
700 1 |a Alfieri, Vittorio <1749-1803>  |a Falorsi, Guido. 
942 |2 ddc  |c BK 
546 |a ita 
999 |c 22039  |d 22039 
999 |c edisco:22039  |d 22039